000 00567nam a2200229Ia 4500
003 OSt
005 20220924145557.0
006 a|||||r|||| 00| 0
007 ta
008 220923b |||||||| |||| 00| 0 per d
024 _a329360
037 _cTextual
040 _aARTS
_cARTS
_bper
041 _2per
_aper
082 _aQ7v, 164F7
100 _aRazi Abdul Au.
_9220066
245 0 _aZamima-e-kashful hail
260 _c1927
650 _aISLAM - HISTORY
942 _hQ7v, 164F7
_cTEXL
_2CC
999 _c460506
_d460506